Online
Catalog

AAA Pro_File 08. (Record no. 59078)

MARC details
000 -CABECERA
campo de control de longitud fija 02498nas a2200361 4500
001 - NÚMERO DE CONTROL
campo de control 48990
003 - IDENTIFICADOR DEL NÚMERO DE CONTROL
campo de control DR-UNIBE
005 - FECHA Y HORA DE LA ÚLTIMA TRANSACCIÓN
campo de control 20250521154141.0
007 - CAMPO FIJO DE DESCRIPCIÓN FÍSICA--INFORMACIÓN GENERAL
campo de control de longitud fija ta
008 - DATOS DE LONGITUD FIJA--INFORMACIÓN GENERAL
campo de control de longitud fija 210525e2018 dr qn|p|r||||||0| | spa d
022 ## - NÚMERO INTERNACIONAL NORMALIZADO PARA PUBLICACIONES SERIADAS
Número Internacional Normalizado para Publicaciones Seriadas Relacionado al título AAA 1028-3072
040 ## - FUENTE DE LA CATALOGACIÓN
Centro catalogador/agencia de origen BIBLIOTECA UNIBE
Centro/agencia transcriptor BIBBLIOTECA UNIBE
Lengua de catalogación spa
Centro/agencia modificador DO-SdBNP
Normas de descripción rda
041 ## - CÓDIGO DE LENGUA
Código de lengua del texto/banda sonora o título independiente spa
245 00 - MENCIÓN DE TÍTULO
Título AAA Pro_File 08.
264 ## - PRODUCCIÓN, PUBLICACIÓN, DISTRIBUCIÓN, FABRICACIÓN Y COPYRIGHT
Producción, publicación, distribución, fabricación y copyright Santo Domingo, República Dominicana :
Nombre del de productor, editor, distribuidor, fabricante Archivos de Arquitectura Antillana,
Fecha de producción, publicación, distribución, fabricación o copyright 2018.
300 ## - DESCRIPCIÓN FÍSICA
Extensión volúmenes :
Otras características físicas ilustraciones, fotografías, planos ;
Dimensiones 29 cm.
310 ## - PERIODICIDAD ACTUAL
Periodicidad actual Trimestral.
336 ## - TIPO DE CONTENIDO
Término de tipo de contenido texto
Código de tipo de contenido txt
Fuente rdacontent
337 ## - TIPO DE MEDIO
Nombre/término del tipo de medio sin mediación
Código del tipo de medio n
Fuente rdamedia
338 ## - TIPO DE SOPORTE
Nombre/término del tipo de soporte volumen
Código del tipo de soporte nc
Fuente rdacarrier
362 ## - FECHAS DE PUBLICACIÓN Y/O DESIGNACIÓN SECUENCIAL
Fecha de publicación y/o designación secuencial Número 8 (mayo 2018).
490 ## - MENCIÓN DE SERIE
Mención de serie Serie monográfica.
500 ## - NOTA GENERAL
Nota general AAA Pro_File es una edición especial de AAA.<br/>La biblioteca dispone también del título: Archivos de arquitectura antillana (AAA), editado desde el año 1996. [Número de registro14602].
500 ## - NOTA GENERAL
Nota general AAA Pro_File 08: Pedro J. Borrell Bentz, arquitectos (año de publicación: 2018).
500 ## - NOTA GENERAL
Nota general AAA: agradece de manera especial la enorme colaboración de todo el equipo de Arquitectura del Sol en el desarrollo y documentación de este Pro_File 08.
500 ## - NOTA GENERAL
Nota general Edición especial.
520 ## - SUMARIO, ETC.
Sumario, etc. Durante el transcurso de esta edición de Pro_File hemos profundizado detalladamente en la obra de Pedro José Borrell y en la historia detrás de cada obra. Esta historia, resumida apretadamente en apenas 300 y tantas páginas, es una mirada en la búsqueda de un hombre nacido en Puerto Plata, pero criado en Santiago, educado en contacto estrecho con el arte y practicante de varias disciplinas creativas: el dibujo, la pintura, la fotografía y —como actividad totalizadora de todo ese aprendizaje— finalmente, la arquitectura. Es en la arquitectura que Borrell ha alcanzado una dimensión trascendente caracterizada por una serie de importantes obras que por derecho propio tienen su lugar en el corpus construido de la República Dominicana en los siglos XX y XXI. En ese universo se ha centrado el discurso de este volumen.
650 #7 - PUNTO DE ACCESO ADICIONAL DE MATERIA--TÉRMINO DE MATERIA
Término de materia o nombre geográfico como elemento de entrada Arquitectura
9 (RLIN) 2734
Subdivisión de forma Publicaciones periódicas
Subdivisión geográfica República Dominicana
650 #7 - PUNTO DE ACCESO ADICIONAL DE MATERIA--TÉRMINO DE MATERIA
Término de materia o nombre geográfico como elemento de entrada Arquitectura
Subdivisión general Diseños y planos
9 (RLIN) 43122
Fuente del encabezamiento o término lemb
Subdivisión de forma Publicaciones periódicas
Subdivisión geográfica República Dominicana
650 #7 - PUNTO DE ACCESO ADICIONAL DE MATERIA--TÉRMINO DE MATERIA
Término de materia o nombre geográfico como elemento de entrada Urbanismo
9 (RLIN) 26474
Fuente del encabezamiento o término lemb
Subdivisión de forma Publicaciones periódicas
Subdivisión geográfica República Dominicana
655 #0 - TÉRMINO DE INDIZACIÓN--GÉNERO/FORMA
Datos o término principal de género/forma Publicaciones periódicas
9 (RLIN) 87420
942 ## - ELEMENTOS DE PUNTO DE ACCESO ADICIONAL (KOHA)
Fuente del sistema de clasificación o colocación Dewey Decimal Classification
Tipo de ítem Koha Publicación periódica
Holdings
Estado de retiro Estado de pérdida Fuente del sistema de clasificación o colocación Estado dañado Restricciones de uso No para préstamo Código de colección Localización permanente Ubicación/localización actual Fecha de adquisición Enumeración/cronología de publicación seriada Total de préstamos Código de barras Fecha visto por última vez Número de copia Precio válido a partir de Tipo de ítem Koha
    Dewey Decimal Classification   Préstamo en sala   Hemeroteca Biblioteca Nacional Pedro Henríquez Ureña Biblioteca Nacional Pedro Henríquez Ureña 21.05.2025 Número 8 (mayo 2018)   2025-4509 21.05.2025 e.1 21.05.2025 Publicación periódica

Powered by Koha